000 00482nmm a2200157Ia 4500
008 251105s9999||||xx |||||||||||||||||und||
020 _a9788412364163
041 _aspa
100 _aArroyo, María
245 0 _aUn tranvía llamado PPP (Psicosis Post Parto)
264 _a[Madrid, España] :
_bEdiciones Arcanas,
_c[Fecha de publicación no identificada]
300 _a0 páginas
650 _aFamily
856 _uhttps://public.digitaliapublishing.com/a/119676
942 _cCF
999 _c76229
_d76229